Über eine Klasse nichtlinearer Eigenwertprobleme

Elmentve itt :
Bibliográfiai részletek
Szerző: Langer Heinz
Dokumentumtípus: Cikk
Megjelent: 1973
Sorozat:Acta scientiarum mathematicarum 35
Kulcsszavak:Matematika
Online Access:http://acta.bibl.u-szeged.hu/14432
LEADER 00594nab a2200181 i 4500
001 acta14432
005 20210409141652.0
008 161015s1973 hu o 0|| ger d
022 |a 0001-6969 
040 |a SZTE Egyetemi Kiadványok Repozitórium  |b hun 
041 |a ger 
100 1 |a Langer Heinz 
245 1 0 |a Über eine Klasse nichtlinearer Eigenwertprobleme  |h [elektronikus dokumentum] /  |c  Langer Heinz 
260 |c 1973 
300 |a 73-86 
490 0 |a Acta scientiarum mathematicarum  |v 35 
695 |a Matematika 
856 4 0 |u http://acta.bibl.u-szeged.hu/14432/1/math_035_073-086.pdf  |z Dokumentum-elérés